Gaming Quiz

Random Gaming or Console Quiz

Video Game Caps Quiz Stats

 Plays Quiz not verified by Sporcle

Score 0/20 Timer 05:00
3 Plays Today
% Correct
Super Mario Bros.
99.6%
Angry Birds
96%
Sonic the Hedgehog
95%
Tetris
94.5%
Pac-Man
94.3%
Donkey Kong
91.2%
Pokémon
89.4%
Minecraft
80.6%
Space Invaders
79.7%
Megaman
73.5%
% Correct
Halo
67.1%
Dance Dance Revolution
65.2%
Half-Life
59%
Plants vs. Zombies
58.8%
Mortal Kombat
58.7%
Assassin's Creed
58.4%
The Legend of Zelda
57.2%
Resident Evil
45%
World of Warcraft
14.9%
Tomb Raider
10.5%

You're not logged in!

Compare scores with friends on all Sporcle quizzes.
OR
Log In

You Might Also Like...

Show Comments

Extras

Top Quizzes Today


Score Distribution

Your Account Isn't Verified!

In order to create a playlist on Sporcle, you need to verify the email address you used during registration. Go to your Sporcle Settings to finish the process.

Report this User

Report this user for behavior that violates our Community Guidelines.

Details: